| 000 | 00382nam a2200133Ia 4500 | ||
|---|---|---|---|
| 008 | 231129s1992||||xx |||||||||||||| ||spa|| | ||
| 020 | _a958-614-339-8 (Obra | ||
| 040 | _bspa | ||
| 082 | _aR 036.1 N964 | ||
| 245 | 0 | _aNueva enciclopedia temática planeta / Carlos M. Taibo Arias... /et al. | |
| 260 | _c1992 | ||
| 264 | _aPlaneta | ||
| 942 |
_2ddc _cBKS |
||
| 999 |
_c21861 _d21861 |
||